000
00305nam a22001217a 4500
003
OSt
005
20260211122410.0
008
260211b |||||||| |||| 00| 0 eng d
040
_c
Friends of Gideon Foundation
082
_a
261.832
_b
BYA
245
_a
Confronting HIV/AIDS In Church Worship
942
_2
ddc
_c
BK
999
_c
4160
_d
4160